Reforming child protection / (Record no. 11696)
[ view plain ]
| 000 -LEADER | |
|---|---|
| fixed length control field | 01639cam a22003018a 4500 |
| 001 - CONTROL NUMBER | |
| control field | 15141729 |
| 005 - DATE AND TIME OF LATEST TRANSACTION | |
| control field | 20080115161803.0 |
| 008 - FIXED-LENGTH DATA ELEMENTS--GENERAL INFORMATION | |
| fixed length control field | 080114s2008 nyu 000 0 eng |
| 010 ## - LIBRARY OF CONGRESS CONTROL NUMBER | |
| LC control number | 2007052724 |
| 020 ## - INTERNATIONAL STANDARD BOOK NUMBER | |
| International Standard Book Number | 9780415429054 (hbk) |
| 020 ## - INTERNATIONAL STANDARD BOOK NUMBER | |
| International Standard Book Number | 9780415429061 (pbk) |
| 020 ## - INTERNATIONAL STANDARD BOOK NUMBER | |
| International Standard Book Number | 9780203894675 (ebk) |
| 040 ## - CATALOGING SOURCE | |
| Original cataloging agency | DLC |
| Transcribing agency | DLC |
| 050 00 - LIBRARY OF CONGRESS CALL NUMBER | |
| Classification number | HV713 |
| Item number | .R44 2008 |
| 082 00 - DEWEY DECIMAL CLASSIFICATION NUMBER | |
| Classification number | 362.7 |
| Edition number | 22 |
| Item number | REF |
| 245 00 - TITLE STATEMENT | |
| Title | Reforming child protection / |
| Statement of responsibility, etc | Bob Lonne ... [et al.]. |
| 260 ## - PUBLICATION, DISTRIBUTION, ETC. (IMPRINT) | |
| Place of publication, distribution, etc | New York, NY : |
| Name of publisher, distributor, etc | Routledge, |
| Date of publication, distribution, etc | 2008. |
| 263 ## - PROJECTED PUBLICATION DATE | |
| Projected publication date | 0806 |
| 300 ## - PHYSICAL DESCRIPTION | |
| Extent | 213p.; |
| Dimensions | 22 cm. |
| 505 0# - FORMATTED CONTENTS NOTE | |
| Formatted contents note | Reforming child protection : principles and themes of effective child, family and community well-being -- The chequered history of contemporary child protection practice -- Differential responses and changing social mandates -- The troubled state of organizational environments -- Service users and stakeholders -- Reforming child protection : principles and processes -- A new ethical and practice framework -- Effective organizational and service delivery models -- Planning and implementing change -- Change and the future of child and family well-being practice. |
| 650 #0 - SUBJECT ADDED ENTRY--TOPICAL TERM | |
| Topical term or geographic name as entry element | Child welfare |
| Geographic subdivision | English-speaking countries. |
| 9 (RLIN) | 5649 |
| 650 #0 - SUBJECT ADDED ENTRY--TOPICAL TERM | |
| Topical term or geographic name as entry element | Children |
| General subdivision | Services for |
| Geographic subdivision | English-speaking countries. |
| 9 (RLIN) | 5650 |
| 650 #0 - SUBJECT ADDED ENTRY--TOPICAL TERM | |
| Topical term or geographic name as entry element | Social work with children |
| Geographic subdivision | English-speaking countries. |
| 9 (RLIN) | 5651 |
| 700 1# - ADDED ENTRY--PERSONAL NAME | |
| Personal name | Lonne, Bob. |
| 9 (RLIN) | 5652 |
| 942 ## - ADDED ENTRY ELEMENTS (KOHA) | |
| Source of classification or shelving scheme | Dewey Decimal Classification |
| Item type | Book - Borrowing |
| Withdrawn status | Item status | Source of classification or shelving scheme | Damaged status | Not for loan | Vendor | Home library | Current library | Shelving location | Date acquired | Source of acquisition | Cost, normal purchase price | Serial Enumeration / chronology | Total Checkouts | Full call number | Barcode | Date last seen | Koha item type |
|---|---|---|---|---|---|---|---|---|---|---|---|---|---|---|---|---|---|
| Dewey Decimal Classification | Alahram | Central Library | Central Library | First floor | 31/05/2009 | 248.50 | 355 | 362.7 REF | 000016493 | 15/07/2025 | Book - Borrowing |